| 000 | 00975nam a2200289Ia 4500 | ||
|---|---|---|---|
| 003 | OSt | ||
| 005 | 20221007125124.0 | ||
| 006 | a|||||r|||| 00| 0 | ||
| 007 | ta | ||
| 008 | 221006b |||||||| |||| 00| 0 eng d | ||
| 020 |
_a0387967397 (hbd) _cDM 181.00 |
||
| 024 | _a4439 | ||
| 037 |
_bAhuja, _cTextual |
||
| 040 |
_aCDL _cCDL _beng |
||
| 041 |
_2eng _aeng |
||
| 082 | _aB7:55, M8 | ||
| 100 |
_aDavis Julian L _9721575 |
||
| 245 | 0 | _aWave propagation in solids and fluids by Julian L Davis | |
| 260 |
_aNew _bYork Springer Verlag _c1988 |
||
| 300 |
_ax,386p+58 illus _ccm. |
||
| 500 | _aBibliograpy 381-382p; Index 383-386p; ^n23/CSL/Carc/96-97/3927^d1997-01-27^mPurchase; ; 96-97/511^b1997-03-17^c7639^d1997-03-17^eAhuja Book Com apny; ; 1997-04-04^bSB^c1997-05-13 | ||
| 650 |
_a Dynamics _9453975 |
||
| 650 |
_a Waves _9714062 |
||
| 650 | _aMechanics | ||
| 942 |
_hB7:55, M8 _cTEXL _2CC |
||
| 999 |
_c1214717 _d1214717 |
||